000 00959nam a22002417a 4500
999 _c63864
_d63864
005 20240530110703.0
008 171225s2014 ua a f b 000 0dara d
017 _a2014/2834
_bمصر. دار الكتب
020 _a9789774487606
040 _aEG-CaGPL
_cEG-CaGPL
082 0 4 _221
_a962.074
_bق/م ح
100 0 _aمحمد سعيد على
245 1 0 _aحائط الصواريخ فى حرب رمضان 1393 هـ اكتوبر 1973 م /
_cتأليف محمد سعيد على .
250 _aط.1
260 _aالقاهرة :
_bالهيئة المصرية العامة للكتاب ،
_c2014 .
300 _a478 ص. ؛
_c24 سم.
650 0 7 _2qrmak
_aحرب اكتوبر 1973 م
651 0 7 _2qrmak
_aالقاهرة
_xتاريخ
651 0 7 _2qrmak
_aمصر
_xتاريخ
_yانور السادات
651 0 7 _2qrmak
_aالقاهرة
_xاثار
_yالعصر المملوكى
942 _2ddc
_cBK